000 00804nam a2200277Ia 4500
003 OSt
005 20220925224814.0
006 a|||||r|||| 00| 0
007 ta
008 220923b |||||||| |||| 00| 0 eng d
037 _cGeneral Book
040 _aRTL
_cRTL
_beng
041 _2eng
_aeng
082 _aR2xM96, J9
100 _aPiaget Jean
_977790
245 0 _aLanguage and thought of the child
250 _a3
260 _aLondon
_bRoutledge and Kegan Paul U. K.
_c1959
300 _axxiv, 288p
_ccm.
490 _aInternational Library of Psychology, Philosophy and Scientific Method
500 _aAppendix: P 282-86
650 _a Philosophy
650 _aEpistemology-Piaget
_9255269
942 _hR2xM96, J9
_cGB
_2CC
999 _c582223
_d582223